[Event "Ch SCG (team) (1 Central League)"]
[Site "Vrnjacka Banja (Serbia)"]
[Date "2004.09.26"]
[Round "2"]
[White "Todorov Ognjan (BUL)"]
[Black "Runic Zoran (YUG)"]
[Result "0-1"]
[WhiteElo "2343"]
[BlackElo "2429"]

1.d4 Nf6 2.Nf3 d6 3.c4 Bg4 4.Qb3 Qc8 5.h3 Bf5 6.Nc3 c6 7.Nh4 Bg6 8.Nxg6 hxg6
9.e4 e5 10.d5 Be7 11.Be2 Nbd7 12.Be3 Bd8 13.Qa3 Qb8 14.dxc6 bxc6 15.b4 a5
16.b5 c5 17.Rd1 Nf8 18.f4 N6d7 19.f5 a4 20.O-O g5 21.Qc1 Nh7 22.Qc2 Nb6 23.Rd2
Nf8 24.Rfd1 Be7 25.Qc1 Nfd7 26.Rc2 Qd8 27.Qd2 Kf8 28.Qe1 Kg8 29.Qg3 Rh4
30.Rcd2 Rh6 31.Qh2 a3 32.Rb1 Na4 33.Nd5 Ndb6 34.Nxe7+ Qxe7 35.Rb3 Nb2 36.Rc2
Ra4 37.Qg3 f6 38.Bf2 Qa7 39.Rbc3 N2xc4 40.Bxc4+ Nxc4 {#R} 0-1

[Event "It (cat.2)"]
[Site "Budapest (Hungary)"]
[Date "2004.10.09"]
[Round "8"]
[White "Brustkern Juergen (GER)"]
[Black "Ignacz Maria (HUN)"]
[Result "0-1"]
[WhiteElo "2236"]
[BlackElo "2153"]

1.Nf3 d6 2.d4 Bg4 3.c4 Nf6 4.Qb3 Qc8 5.h3 Bh5 6.Bg5 Nbd7 7.d5 e5 8.dxe6 fxe6
9.Qe3 Bf7 10.Nbd2 Be7 11.Nd4 Ne5 12.g4 c5 13.N4f3 Nxf3+ 14.Qxf3 O-O 15.Bg2 Rb8
16.O-O Bg6 17.Qg3 b5 18.b3 bxc4 19.Nxc4 Qa6 20.Rfd1 Rbd8 21.Rd2 d5 22.Ne5 Ne4
23.Bxe4 Bxg5 24.Nxg6 hxg6 25.Bxg6 Bxd2 26.Qh4 Bh6 27.g5 e5 28.Bd3 c4 29.bxc4
Rf4 30.Qg3 dxc4 31.gxh6 Qxh6 32.Bc2 Rd2 33.Bg6 Rxe2 34.f3 Rf6 {#R} 0-1

[Event "Ch France (team) (nat.2) 2004/05"]
[Site "France"]
[Date "2004.11.06"]
[Round "2"]
[White "Colson Arnaud (FRA)"]
[Black "Loiret Stanislas (FRA)"]
[Result "1-0"]
[WhiteElo "2104"]
[BlackElo "2258"]

1.Nf3 Nf6 2.c4 d6 3.d4 Bg4 4.Nc3 Bxf3 5.gxf3 g6 6.e4 Bg7 7.f4 c5 8.dxc5 Qa5
9.Bg2 Nfd7 10.cxd6 Bxc3+ 11.bxc3 Qxc3+ 12.Bd2 Qd3 13.Qb3 Qxb3 14.axb3 exd6
15.Bc3 O-O 16.O-O-O Nc5 17.Kc2 Nc6 18.Rxd6 a5 19.Rhd1 Nb4+ 20.Kb2 b5 21.cxb5
Rab8 22.b6 Nbd3+ 23.R6xd3 Nxd3+ 24.Rxd3 Rxb6 25.Bxa5 Rb5 26.Bd2 f6 27.Bf1 Rfb8
28.Be3 Rb4 29.f3 {#r} 1-0

[Event "Bundesliga B East 2004/05"]
[Site "Austria"]
[Date "2004.11.21"]
[Round "4"]
[White "Petschar Hans (AUT)"]
[Black "Hofbauer Peter (AUT)"]
[Result "1-0"]
[WhiteElo "2050"]
[BlackElo "2107"]

1.Nf3 d6 2.d4 Nf6 3.c4 Bg4 4.Nc3 c6 5.e4 Nbd7 6.Be2 e5 7.Be3 Be7 8.O-O O-O
9.d5 Bh5 10.Nd2 Bxe2 11.Qxe2 Ne8 12.b4 Bg5 13.c5 Bxe3 14.Qxe3 Qe7 15.Nb3 Nef6
16.Rfd1 cxd5 17.exd5 Ng4 18.Qe2 f5 19.h3 Ngf6 20.Nd4 g6 21.Ne6 Rfc8 22.cxd6
Qxd6 23.Nb5 Qb6 24.d6 Ne4 25.Nbc7 Rab8 26.Nd5 Nc3 27.Nxc3 Rxc3 28.Qd2 Kf7
29.Ng5+ Kf6 30.Nxh7+ Kg7 31.Qxc3 Kxh7 32.Qc7 Rd8 33.a4 a5 34.bxa5 {#r} 1-0

[Event "Oberliga East B 2004/05"]
[Site "Germany"]
[Date "2004.11.28"]
[Round "4"]
[White "Genkin Michael (GER)"]
[Black "Zschiedrich Heiko (GER)"]
[Result "1-0"]
[WhiteElo "2325"]
[BlackElo "2231"]

1.d4 Nf6 2.c4 d6 3.Nf3 Bg4 4.Nc3 c6 5.e4 e6 6.Be2 Be7 7.O-O O-O 8.d5 cxd5
9.cxd5 exd5 10.exd5 Nbd7 11.Nd4 Bxe2 12.Qxe2 Re8 13.Bf4 Qa5 14.Qb5 Qb6 15.Rfd1
a6 16.Qxb6 Nxb6 17.Nf5 Rad8 18.f3 Bf8 19.Bg5 Re5 20.g4 Rc8 21.Bxf6 gxf6 22.Ne4
Rc2 23.Nxf6+ Kh8 24.Re1 Rxb2 25.f4 Ree2 26.Rxe2 Rxe2 27.Rb1 Nxd5 28.Nxd5 b5
29.Rc1 {#r} 1-0

[Event "Ch France (team) (nat.2) 2004/05"]
[Site "France"]
[Date "2004.12.05"]
[Round "4"]
[White "Labarrere Daniel (FRA)"]
[Black "Dube Dimitri (FRA)"]
[Result "1-0"]
[WhiteElo "1815"]
[BlackElo "2158"]

1.d4 Nf6 2.Nf3 d6 3.c4 Bg4 4.Nc3 e6 5.Qb3 Qc8 6.e4 Be7 7.Be3 O-O 8.Bd3 Nbd7
9.Qc2 e5 10.Nd5 Bd8 11.dxe5 dxe5 12.c5 c6 13.Nxf6+ Bxf6 14.Nd2 Qc7 15.O-O Rfe8
16.Bc4 Nf8 17.f3 Be6 18.Rfd1 Rad8 19.Bb3 Bxb3 20.Nxb3 Ne6 21.Rxd8 Rxd8 22.Rd1
Nd4 23.Bxd4 exd4 24.Nc1 Qf4 25.Nd3 Qe3+ 26.Kf1 g5 27.Qe2 b6 28.Qxe3 dxe3
29.cxb6 axb6 30.Ke2 Bd4 31.Nb4 c5 32.Nc2 b5 33.a3 Bf6 34.Nxe3 Rxd1 35.Nxd1 Be5
36.h3 h5 37.Kd3 f6 38.Kc2 Bd4 39.Nc3 b4 40.axb4 cxb4 41.Nd5 Kf7 42.Nxb4 Ke6
43.Nd3 {#r} 1-0

[Event "It (cat.2)"]
[Site "Budapest (Hungary)"]
[Date "2004.12.06"]
[Round "2"]
[White "Szeberenyi Adam (HUN)"]
[Black "Lengyel Bela (HUN)"]
[Result "1-0"]
[WhiteElo "2366"]
[BlackElo "2335"]

1.d4 Nf6 2.Nf3 d6 3.c4 Bg4 4.Nc3 Nbd7 5.e4 e5 6.Be2 Be7 7.O-O c6 8.Be3 O-O
9.d5 a5 10.c5 Nxc5 11.Bxc5 Bxf3 12.Bxd6 Bxd6 13.Bxf3 cxd5 14.Nxd5 Nxd5 15.Qxd5
Qe7 16.Rac1 g6 17.Rfd1 Rfd8 18.Qb5 h5 19.Rd5 Kg7 20.Rcd1 Qc7 21.Rxd6 {#r} 1-0

[Event "Extraliga 2004/05"]
[Site "Czech Republic"]
[Date "2005.01.15"]
[Round "5"]
[White "Dolezal Radoslav (CZE)"]
[Black "Netusil Miroslav (CZE)"]
[Result "1-0"]
[WhiteElo "2387"]
[BlackElo "2333"]

1.d4 Nf6 2.Nf3 d6 3.c4 Bg4 4.Qb3 Qc8 5.Nbd2 a5 6.h3 a4 7.Qc3 Bxf3 8.Nxf3 e5
9.dxe5 dxe5 10.Qxe5+ Be7 11.Nd4 Nbd7 12.Qe3 Nb6 13.g4 Nxc4 14.Qc3 Nd6 15.Bg2
c5 16.Nf5 Nxf5 17.gxf5 Qxf5 18.Bxb7 Rd8 19.Bc6+ Kf8 20.Qf3 Qe5 21.Bxa4 c4
22.O-O g5 23.Rd1 Qc5 24.Rxd8+ Bxd8 25.Bc2 Qe5 26.Qe3 Qd5 27.Bd2 Be7 28.Rd1 Rg8
29.Bb4 Bxb4 30.Rxd5 Nxd5 31.Qe5 {#r} 1-0

[Event "Ch England (team) 2004/05 (4 div)"]
[Site "England"]
[Date "2005.01.15"]
[Round "3"]
[White "Headlong Timothy (ENG)"]
[Black "Williamson Kevin (ENG)"]
[Result "1-0"]
[WhiteElo "2224"]
[BlackElo "2027"]

1.Nf3 d6 2.d4 Bg4 3.c4 Nf6 4.Qb3 Qc8 5.h3 Bh5 6.g3 Nbd7 7.Bg2 c6 8.Nc3 Bg6
9.O-O e6 10.Nh4 d5 11.Re1 Be7 12.Bg5 Ng8 13.Bxe7 Nxe7 14.cxd5 exd5 15.e4 dxe4
16.Nxg6 hxg6 17.Rxe4 Nf6 18.Re2 Qd7 19.Rae1 Ng8 20.Qa3 f6 21.d5 Kf7 22.Qb3 Kf8
23.Qb4 Rc8 24.dxc6 bxc6 25.Ne4 a5 26.Qxa5 Rh5 27.Qa3 c5 28.Rc2 Re5 29.Rec1 Nh6
30.Nxc5 Qd6 31.Nd7+ Qxd7 32.Rxc8+ Kf7 33.Qb3+ Rd5 34.R8c7 Qd6 35.Bxd5+ {#r}
1-0

[Event "Ch PriFO"]
[Site "Izhevsk (Russia)"]
[Date "2005.03.16"]
[Round "1"]
[White "Tunik Gennady (RUS)"]
[Black "Baemov Ilnur (RUS)"]
[Result "1-0"]
[WhiteElo "2457"]
[BlackElo "2231"]

1.d4 Nf6 2.c4 d6 3.Nf3 Bg4 4.Nc3 Nbd7 5.e4 e5 6.Be2 Be7 7.O-O O-O 8.Be3 c6
9.Qc2 Re8 10.Rfd1 exd4 11.Nxd4 Bxe2 12.Qxe2 Bf8 13.Nf5 Qc7 14.Bf4 Ne5 15.h3 g6
16.Bg5 gxf5 17.Bxf6 Ng6 18.Qf3 f4 19.Ne2 Re6 20.Bc3 Bh6 21.Nd4 Ne5 22.Qh5 Rg6
23.Nf5 Bf8 24.c5 Re8 25.cxd6 Bxd6 26.Kh1 Bf8 27.Qh4 f3 28.g3 Qb6 29.Rd2 Nc4
30.Rd4 Nd6 31.Nxd6 Bxd6 32.Rad1 Be7 33.Qf4 Bf6 34.Rd7 Re6 35.Qxf3 Qa6 36.e5
Be7 37.Kg2 b6 38.Rc7 {#r} 1-0

[Event "Bundesliga B East 2004/05"]
[Site "Austria"]
[Date "2005.04.10"]
[Round "11"]
[White "Vitouch Anatol (AUT)"]
[Black "Rudolf Herbert (AUT)"]
[Result "1/2-1/2"]
[WhiteElo "2194"]
[BlackElo "2238"]

1.Nf3 Nf6 2.c4 d6 3.d4 Bg4 4.g3 Bxf3 5.exf3 e6 6.Bg2 c6 7.b3 Be7 8.Bb2 O-O
9.O-O Nbd7 10.Re1 a5 11.a3 Re8 12.Nd2 Bf8 13.f4 g6 14.Qc2 Bg7 15.c5 Qe7
16.Rac1 {#d} 1/2-1/2

[Event "It (open)"]
[Site "Metz (France)"]
[Date "2005.04.17"]
[Round "2"]
[White "Szymanski Marcin (POL)"]
[Black "Gros Patrick (FRA)"]
[Result "1-0"]
[WhiteElo "2434"]
[BlackElo "2044"]

1.d4 d6 2.Nf3 Nf6 3.c4 Bg4 4.Qb3 Qc8 5.Bg5 Nbd7 6.Nbd2 h6 7.Be3 e5 8.h3 Be6
9.Qc2 c6 10.g4 Be7 11.dxe5 dxe5 12.Bg2 Qc7 13.O-O-O Qa5 14.Kb1 O-O-O 15.Rc1
Kb8 16.Rhd1 g6 17.Nb3 Qc7 18.Ka1 Ka8 19.Nfd2 g5 20.Qc3 Rhg8 21.Ne4 Nxe4
22.Bxe4 h5 23.f3 hxg4 24.hxg4 Nf6 25.Bb1 Nd7 26.Bf2 Rh8 27.Rh1 Rdf8 28.Bf5
Bxf5 29.gxf5 f6 30.c5 Nb8 31.Qc4 Na6 32.a3 Nb8 33.Qc2 Rfg8 34.Nd2 Rd8 35.Nc4
Na6 36.b4 Nb8 37.Rcd1 Na6 38.Rxh8 Rxh8 39.Nd6 Rh2 40.Be3 Rh4 41.Qb3 {#r} 1-0

[Event "It (open)"]
[Site "Metz (France)"]
[Date "2005.04.18"]
[Round "3"]
[White "Cheparinov Ivan (BUL)"]
[Black "Klinova Masha (ISR)"]
[Result "1-0"]
[WhiteElo "2618"]
[BlackElo "2361"]

1.d4 d6 2.Nf3 Bg4 3.c4 Nf6 4.Nc3 Bxf3 5.exf3 e6 6.g4 Be7 7.f4 c6 8.g5 Nfd7
9.d5 O-O 10.Bd3 Nc5 11.Bc2 a5 12.dxe6 fxe6 13.Bxh7+ {#r} 1-0

[Event "It (open)"]
[Site "Minneapolis (USA)"]
[Date "2005.05.19"]
[Round "3"]
[White "Ehlvest Jaan (USA)"]
[Black "Sokolin Leonid M (USA)"]
[Result "1/2-1/2"]
[WhiteElo "2618"]
[BlackElo "2506"]

{ Ehlvest Jaan (EST) +3 =1 -0 Sokolin Leonid M (USA) +1 =0 -0 } 1.d4 Nf6 2.Nf3
d6 3.c4 Bg4 { ? } 4.d5 { N } ( 4.Nc3 g6 ( 4...Nbd7 5.e4 e5 6.Be2 Be7 7.O-O O-O
8.Be3 c6 9.Qc2 Re8 10.Rfd1 exd4 11.Nxd4 Bxe2 12.Qxe2 Bf8 13.Nf5 Qc7 14.Bf4 Ne5
15.h3 g6 16.Bg5 gxf5 17.Bxf6 Ng6 18.Qf3 f4 19.Ne2 Re6 20.Bc3 Bh6 21.Nd4 Ne5
22.Qh5 Rg6 23.Nf5 Bf8 { ...1-0, Tunik Gennady 2477 - Baemov Ilnur 2240 ,
Izhevsk 16. 3.2005 Ch PriFO } ) 5.e4 Bxf3 6.Qxf3 Nc6 7.d5 Nd4 8.Qd1 c5 9.dxc6
Nxc6 10.g3 Bg7 11.Bg2 O-O 12.O-O Rc8 13.Rb1 a6 14.b3 Nd7 15.Bd2 Nc5 16.Nd5 e6
17.Ne3 a5 18.Nc2 Ra8 19.Qe2 Nd4 20.Nxd4 Bxd4 21.Kh1 e5 22.Rbd1 Re8 23.Be1 Qf6
{ ...1-0, Ehlvest Jaan 2592 - Murshed Niaz 2457 , Dhaka 1999 It (cat.10) } ) (
4.Qb3 Qc8 5.g3 ( 5.h3 Bh5 6.g3 Nbd7 7.Bg2 c6 8.Nc3 Bg6 9.O-O e6 10.Nh4 d5
11.Re1 Be7 12.Bg5 Ng8 13.Bxe7 Nxe7 14.cxd5 exd5 15.e4 dxe4 16.Nxg6 hxg6
17.Rxe4 Nf6 18.Re2 Qd7 19.Rae1 Ng8 20.Qa3 f6 21.d5 Kf7 22.Qb3 Kf8 23.Qb4 Rc8 {
...1-0, Headlong Timothy 2213 - Williamson Kevin 2043 , England 15. 1.2005 Ch
England (team) 2004/05 (4 div) } ) 5...e6 6.Bg2 c6 7.O-O Be7 8.Nc3 Nbd7 9.e4
e5 10.Be3 O-O 11.h3 Bxf3 12.Bxf3 Bd8 13.Bg2 Bb6 14.Rad1 Qc7 15.Qa3 exd4
16.Bxd4 Bxd4 17.Rxd4 Nb6 18.b3 Rfd8 19.Rfd1 Ne8 20.f4 h6 21.Kh2 Nd7 22.Qb2 Nc5
23.R4d2 a5 { ...1-0, Hjartarson Johann 2585 - Adams Michael 2640 , Paris 1994
It "Intel Chess Grand Prix" (active) } ) ( 4.g3 Bxf3 5.exf3 c6 6.d5 ( 6.Bg2 d5
7.b3 g6 8.O-O Bg7 9.Bb2 O-O 10.f4 e6 11.Nd2 a5 12.Nf3 Nfd7 13.Ne5 Re8 14.Qc2
Na6 15.Rfc1 Bh6 16.Re1 Rc8 17.c5 Nxe5 18.fxe5 b6 19.Bf1 Nb4 20.Qd1 Ra8 21.a3
Na6 22.Qc2 bxc5 23.dxc5 Qd7 { ...1/2-1/2, Perea Osmany 2372 - Zugic Igor 2479
, Habana 18. 5.2004 Memorial J.Capablanca (c) (cat.8) } ) 6...g6 7.Nc3 Bg7
8.Bh3 O-O 9.O-O Nbd7 10.Re1 Re8 11.f4 Nb6 12.Qd3 Nfd7 13.dxc6 bxc6 14.Be3 Nc5
15.Qe2 Nba4 16.Nd1 Rb8 17.Rb1 a5 18.Qc2 e6 19.Bd2 Ra8 20.Ne3 h5 21.Bg2 Qc7
22.a3 Ra7 23.b3 Nb6 { ...1-0, Milov Vadim 2590 - Zhuravliov Valerij 2465 ,
Moscow 1994 Olympiad } ) ( 4.Qd3 Nbd7 5.Nc3 e5 6.Qe3 Be6 7.d5 Bf5 8.h3 c6 9.g4
Bg6 10.dxc6 bxc6 11.Bg2 Be7 12.Nh4 Qc7 13.Bd2 Rb8 14.Nxg6 hxg6 15.b3 Nc5
16.Qf3 Rc8 17.g5 Nfd7 18.Rc1 Qb8 19.h4 Ne6 20.Qg4 Bd8 21.h5 gxh5 22.Rxh5 Rxh5
23.Qxh5 g6 { ...1-0, Manolache Marius 2394 - Schmidt Raul 2115 , Romania 2001
Ch Romania (team) } ) ( 4.Nfd2 e5 5.d5 Nbd7 6.f3 Bh5 7.e4 Bg6 8.Nc3 Nh5 9.g3
Be7 10.Bg2 O-O 11.O-O c5 12.Qe2 f5 13.exf5 Bxf5 14.Nde4 Nhf6 15.Be3 Nxe4
16.fxe4 Bg6 17.Bh3 a6 18.Be6+ Kh8 19.Rxf8+ Nxf8 20.Bf5 Bg5 21.Rf1 Bxe3+
22.Qxe3 Qe7 23.a4 Bxf5 { ...0-1, Pogonina Natalija 2385 - Pridorozhni Aleksei
2491 , Internet 24.12.2004 Cup Russia "Chess Planet" (5 final) (blitz) } ) (
4.Nbd2 Nbd7 5.Qb3 Rb8 6.e3 e5 7.h3 Bh5 8.Qa4 exd4 9.exd4 a6 10.Bd3 Be7 11.O-O
O-O 12.Qc2 c5 13.b3 Bg6 14.Bb2 Bxd3 15.Qxd3 Qc7 16.Rfe1 Rfe8 17.Re2 Bf8
18.Rae1 Rxe2 19.Rxe2 b5 20.Ne4 Nxe4 21.Rxe4 bxc4 22.Qxc4 d5 23.Qxd5 Nf6 {
...1-0, Pavlov Gennadij 2305 - Zuttis Sergey 2138 , St. Petersburg 2004 It
"White Nights" (open) } ) ( 4.Na3 Nbd7 5.g3 Bxf3 6.exf3 e6 7.f4 g6 8.Bg2 c6
9.O-O { 1/2-1/2, Naumkin Igor 2479 - Lovric Branko 2300 , Opatija 2003 It } )
( 4.h3 Bxf3 5.exf3 c6 6.Be3 d5 7.Qb3 Qb6 8.Nc3 e6 9.Bd3 Be7 10.O-O O-O 11.Rfd1
Nbd7 12.Rac1 Rfe8 13.Qc2 Nf8 14.c5 Qc7 15.b4 Ng6 16.Qd2 Nh5 17.Ne2 e5 18.Bxg6
hxg6 19.g4 Nf6 20.dxe5 Qxe5 21.Bf4 Qe6 22.Nd4 Qd7 23.a4 Nh7 { ...1-0, Hastik
Svatopluk 2116 - Pavelka Jindrich, Czech Republic 2003 Moravian League 2002/03
(2nd) (c) } ) ( 4.e3 Nbd7 5.Be2 c6 6.Nc3 e5 7.e4 Be7 8.Be3 O-O 9.O-O Qc7 10.d5
Nb6 11.Nd2 Qd7 12.f3 Bh5 13.b4 c5 14.bxc5 dxc5 15.Nb3 Rac8 16.a4 Na8 17.a5 a6
18.Na4 Ne8 19.Naxc5 Rxc5 20.Nxc5 Qc7 21.Nb3 Bg6 22.c5 Bd8 23.d6 Qd7 { ...1-0,
Arsovic Goran 2414 - Vurdelja Slavko 2060 , Bizovac 24. 2.2005 It (open) } ) (
4.Bf4 c6 5.Nc3 Nbd7 6.h3 Bh5 7.e4 e5 8.Be3 Be7 9.Be2 O-O 10.O-O Qc7 11.a3 a5
12.Nd2 Bg6 13.Qc1 Rfe8 14.Bg4 Nxg4 15.hxg4 exd4 16.Bxd4 Bf6 17.Bxf6 Nxf6 18.f3
Qb6+ 19.Rf2 Rad8 20.Ne2 d5 21.c5 Qc7 22.exd5 Rxd5 23.Nf1 Nd7 { ...1/2-1/2,
Trmota Zdenek 2174 - Paulovic Martin 2220 , Czech Republic 1995 Czech League
1995/96 (2nd) (b) } ) 4...e5 5.dxe6 Bxe6 6.Nc3 Nc6 7.e4 g6 8.Be2 ( 8.Qb3 Rb8
9.Be2 Bg7 10.Qc2 O-O 11.O-O Re8 12.Rd1 Nxe4 13.Nxe4 Bf5 14.Nfg5 Qe7 15.Bf3 Nd4
16.Rxd4 Bxd4 17.Qd3 Qe5 18.Bf4 Bxf2+ 19.Nxf2 Qxf4 20.Nge4 Qe5 21.Qc3 Kg7
22.Rd1 Bxe4 23.Nxe4 f5 24.Qxe5+ Rxe5 25.Nc3 g5 26.g3 h6 27.Nb5 Re7 { ...1-0,
Sosulin Eduard 2307 - Markosian David S 2399 , Tula 2001 It (cat.5) (2) } ) (
8.h3 Bg7 9.Be3 O-O 10.Be2 Nd7 11.O-O Nb6 12.Nd5 Bxb2 13.Bg5 f6 14.Bh6 Bxa1
15.Bxf8 Kxf8 16.Qxa1 Kf7 17.Nd2 Nd7 18.f4 Ne7 19.Nf3 Bxd5 20.cxd5 c6 21.dxc6
bxc6 22.Bc4+ d5 23.Bb3 Nc5 24.e5 f5 25.Ng5+ Kg8 26.e6 Qb6 27.Kh2 Rf8 {
...1/2-1/2, Sokolov Ivan 2625 - Marin Mihail 2505 , Debrecen 1992 Ch Europe
(team) } ) 8...Bg7 9.O-O O-O 10.Bf4 ( 10.Bg5 h6 { -0.04 CAP } 11.Bf4 g5 12.Bg3
Nh5 13.Qd2 Nxg3 14.hxg3 Ne5 15.b3 Nxf3+ 16.Bxf3 c6 17.Rac1 Qa5 18.g4 Rfd8
19.Rfd1 h5 20.gxh5 g4 21.Be2 Qxh5 22.Qd3 Be5 23.g3 Kg7 24.Bf1 Rh8 25.Bg2 Rh6
26.Ne2 Rah8 27.Kf1 Rf6 28.c5 d5 29.exd5 cxd5 { ...1-0, Kotov Alexander A 2500
- Konstantinopolski Alexander, Moscow 1940 Ch URS } ) ( 10.Ng5 Bd7 11.f4 Re8
12.Bd3 Nb4 13.Bb1 a5 14.c5 h6 15.Nf3 Bc6 16.Re1 Na6 17.cxd6 cxd6 18.Re2 a4
19.Kh1 Nc5 20.Qe1 a3 21.e5 dxe5 22.Nxe5 Nd5 23.bxa3 Nxc3 24.Qxc3 Na4 25.Qe1
Qd4 26.Bxg6 fxg6 27.Be3 Qe4 28.Rc1 Bxe5 29.Bd2 Qd5 { ...0-1, Alatortsev
Vladimir A - Boleslavsky Isaac 2560 , Moscow 1942 Ch Moscow } ) 10...h6 {
-0.41 CAP N } 11.Rc1 Nd7 12.Qd2 Kh7 13.Nb5 Nc5 14.Qe3 { ?! } ( 14.Nc3 { !? }
14...Re8 15.b3 Bg4 16.h3 { } ) 14...Re8 15.Nxc7 Qxc7 16.Qxc5 dxc5 17.Bxc7 f5 {
? } ( 17...Bxb2 18.Rb1 Bg7 19.Rfd1 b6 { } ) 18.e5 g5 { ?! } ( 18...Bf7 { !? }
19.Rfd1 Rac8 20.Bd6 Nxe5 { } ) 19.h3 { ?! } ( 19.Bd3 { !? } 19...g4 20.Nh4
Bxe5 21.Bxe5 { } ) 19...g4 20.hxg4 fxg4 21.Nh2 Bxe5 22.Bxe5 Nxe5 23.f4 gxf3
24.Nxf3 Nc6 25.Bd3+ Kg7 26.Be4 Rad8 { ?! } ( 26...Rac8 { !? } 27.b3 b6 28.Rce1
Bf7 { } ) 27.Bxc6 bxc6 28.Rcd1 { ? } ( 28.Ne5 Bg8 29.Rce1 Re6 30.Re3 { } )
{#d} 1/2-1/2

[Event "It (open)"]
[Site "Minneapolis (USA)"]
[Date "2005.05.20"]
[Round "4"]
[White "Izoria Zviad (GEO)"]
[Black "Sokolin Leonid M (USA)"]
[Result "1-0"]
[WhiteElo "2646"]
[BlackElo "2506"]

1.d4 Nf6 2.c4 d6 3.Nf3 Bg4 4.Nc3 Nc6 5.d5 Ne5 6.Nxe5 dxe5 7.Qb3 Qc8 8.e4 Bd7
9.f4 e6 10.Be2 exd5 11.fxe5 Nxe4 12.cxd5 Nxc3 13.Qxc3 c6 14.e6 fxe6 15.Bh5+
Kd8 16.Bg5+ Kc7 17.Bf4+ Kb6 18.Qb3+ Ka6 19.Be2+ b5 20.a4 Kb6 21.dxc6 Qxc6
22.Be3+ Bc5 23.Rc1 {#r} 1-0

[Event "It (open)"]
[Site "Prague (Czech Republic)"]
[Date "2005.07.04"]
[Round "3"]
[White "Matras Ondrej (CZE)"]
[Black "Netusil Miroslav (CZE)"]
[Result "0-1"]
[WhiteElo "2218"]
[BlackElo "2333"]

1.d4 Nf6 2.Nf3 d6 3.c4 Bg4 4.Nc3 c6 5.e4 Nbd7 6.Be2 e5 7.Be3 Be7 8.O-O O-O
9.Ne1 Bxe2 10.Qxe2 Re8 11.d5 cxd5 12.cxd5 Qa5 13.f3 Rec8 14.Qb5 Bd8 15.Qxa5
Bxa5 16.Nb5 Ne8 17.Nd3 a6 18.Na3 f5 19.Rac1 fxe4 20.fxe4 Nef6 21.Nc4 Bc7
22.Nf2 b5 23.Nd2 Nc5 24.Rc2 a5 25.Rfc1 Rf8 26.Nb3 Nfd7 27.Nxc5 Nxc5 28.Bxc5
dxc5 29.Rxc5 Bb6 30.R5c2 Ra7 31.Re2 Raf7 32.Rcc2 Bd4 33.g3 g5 34.Kg2 h5 35.h3
b4 36.b3 Rf3 37.Nd1 Kh8 38.Nf2 h4 39.gxh4 gxh4 40.d6 Rg3+ 41.Kh2 Rd8 42.Rc6
Be3 43.Rec2 Rdg8 44.Ng4 Bf4 45.Kh1 Rxh3+ 46.Nh2 Rhg3 {#R} 0-1

[Event "Tournament"]
[Site "Esbjerg (Denmark)"]
[Date "2005.07.08"]
[Round "5"]
[White "Konradsen Vagn"]
[Black "Petersen Finn (DEN)"]
[Result "0-1"]
[WhiteElo "1236"]
[BlackElo "2275"]

1.Nf3 d6 2.c4 Nf6 3.d4 Bg4 4.e3 e6 5.Be2 d5 6.c5 b6 7.cxb6 axb6 8.O-O c5 9.b3
Nbd7 10.Ba3 Be7 11.Bb2 O-O 12.dxc5 bxc5 13.Ne5 Bxe2 14.Qxe2 Bd6 15.Ng4 Be7
16.Nd2 Nxg4 17.Qxg4 Bf6 18.Bxf6 Qxf6 19.Qd1 Ra5 20.Qc2 Rfa8 21.e4 d4 22.Nc4
R5a6 23.f4 Qe7 24.Rf3 f6 25.g4 e5 26.f5 Nb6 27.Nxb6 Rxb6 28.Qc4+ Kh8 29.Rf2
Rb4 30.Qc2 Rb6 31.Qe2 Rc6 32.Qc4 h6 33.b4 Ra4 34.Rb1 Rb6 35.Rfb2 Raxb4 36.Rxb4
cxb4 37.a3 Qb7 38.Rxb4 Rxb4 39.axb4 Qxe4 40.Qc8+ Kh7 41.Qe8 Qe1+ 42.Kg2 Qxb4
43.Qg6+ Kg8 {#R} 0-1

[Event "It (open)"]
[Site "Saint-Affrique (France)"]
[Date "2005.07.25"]
[Round "4"]
[White "Krier Daniel (FRA)"]
[Black "Bourdon Philippe (FRA)"]
[Result "1-0"]
[WhiteElo "1917"]
[BlackElo "2008"]

1.d4 Nf6 2.c4 d6 3.Nf3 Bg4 4.e3 Nbd7 5.Be2 e5 6.Nc3 c6 7.Qc2 Be7 8.O-O O-O
9.Rd1 Qc7 10.b3 Rac8 11.Bb2 Rfe8 12.dxe5 dxe5 13.Ne4 Nxe4 14.Qxe4 f5 15.Qc2
Bf6 16.e4 fxe4 17.Qxe4 Be6 18.Bd3 g6 19.Bc2 Rcd8 20.Qe3 a6 21.Ng5 Nf8 22.Ne4
Bg7 23.Qg5 Bf5 24.Re1 Qe7 25.Qg3 Kh8 26.h4 Qc7 27.Rad1 Ne6 28.Qe3 Nd4 29.Bd3
Qe7 30.Ng5 Qf8 31.Be4 h6 32.Nf3 Nxf3+ 33.Qxf3 Rxd1 34.Rxd1 Bxe4 35.Qxe4 Qf7
36.Rd6 Bf6 37.Bc1 Kg7 38.Qg4 Qe7 39.Rd7 {#r} 1-0

[Event "Ch Europe (team) (w)"]
[Site "Goteborg (Sweden)"]
[Date "2005.07.30"]
[Round "1"]
[White "Lomineishvili Maia (GEO)"]
[Black "Borsuk Angela (ISR)"]
[Result "1-0"]
[WhiteElo "2426"]
[BlackElo "2345"]

1.d4 d6 2.Nf3 Nf6 3.c4 Bg4 4.Nc3 Nbd7 5.e4 e5 6.Be2 Be7 7.O-O O-O 8.Be3 a5
9.d5 h6 10.Nd2 Bxe2 11.Qxe2 Nh7 12.a3 Bg5 13.b4 f5 14.exf5 Rxf5 15.c5 Bxe3
16.Qxe3 b6 17.cxd6 cxd6 18.Nb5 Ndf6 19.h3 axb4 20.Nc4 Nxd5 21.Qb3 Nhf6 22.Ne3
Rf4 23.Nxd5 Nxd5 24.Qxd5+ Kh7 25.axb4 Rxa1 26.Rxa1 Rxb4 27.Rd1 Qf6 28.Nxd6 Rb2
29.Qe4+ Kg8 30.Nf5 Kf7 31.Rd7+ {#r} 1-0

[Event "It (cat.1)"]
[Site "Budapest (Hungary)"]
[Date "2005.08.15"]
[Round "10"]
[White "David Vincent (FRA)"]
[Black "Kagan Yosef (ISR)"]
[Result "0-1"]
[WhiteElo "2265"]
[BlackElo "2279"]

1.d4 Nf6 2.c4 d6 3.Nf3 Bg4 4.g3 c6 5.Bg2 Nbd7 6.Nc3 e5 7.h3 Bf5 8.Nh4 Bg6
9.O-O Be7 10.b3 O-O 11.Bb2 Ne8 12.Nxg6 hxg6 13.e3 f5 14.Qd2 Nef6 15.Rad1 Qc7
16.Kh2 Rae8 17.Rc1 g5 18.Qd3 g6 19.b4 e4 20.Qd1 Rf7 21.Re1 Rh7 22.Kg1 Kg7
23.b5 Reh8 24.Ba1 g4 25.hxg4 Qc8 26.bxc6 bxc6 27.g5 Ne8 28.d5 Ne5 29.c5 Rh2
30.cxd6 f4 31.Nxe4 Rxg2+ 32.Kf1 Rh1+ 33.Ke2 Qa6+ {#R} 0-1

[Event "Memorial P.Keres (cat.4)"]
[Site "Tallinn (Estonia)"]
[Date "2005.09.03"]
[Round "7"]
[White "Shvyrjov Igor (EST)"]
[Black "Lauk Ular (EST)"]
[Result "1/2-1/2"]
[WhiteElo "2483"]
[BlackElo "2377"]

1.d4 Nf6 2.Nf3 d6 3.c4 Bg4 4.Nc3 Nbd7 5.e3 e5 6.Be2 Be7 7.O-O c6 8.b3 O-O 9.h3
Bh5 10.Re1 Re8 11.Ba3 {#d} 1/2-1/2

[Event "Memorial E.Geller (open)"]
[Site "Odessa (Ukraine)"]
[Date "2005.09.17"]
[Round "3"]
[White "Nester Igor (UKR)"]
[Black "Daryev Sergey (UKR)"]
[Result "1-0"]
[WhiteElo "2314"]
[BlackElo "2087"]

1.Nf3 d6 2.d4 Bg4 3.c4 Nf6 4.Qb3 Qc8 5.g3 Na6 6.Bg2 c5 7.Be3 cxd4 8.Bxd4 Ne4
9.Nc3 Nac5 10.Qc2 Nxc3 11.Qxc3 Ne6 12.Be3 Nd8 13.h3 Be6 14.Rc1 Nc6 15.b4 a6
16.Qd2 Qd8 17.O-O f6 18.Nd4 Nxd4 19.Qxd4 Qd7 20.Kh2 Rc8 21.Rfd1 Rc7 22.Qd3 Qc8
23.Bd5 Bf5 24.Qd2 e6 25.Bg2 Be7 26.Bb6 Rd7 27.Qe3 h5 28.Qb3 Kf7 29.e4 Bh7
30.f4 Bd8 31.Bg1 h4 32.g4 Bc7 33.Kh1 g6 34.f5 Rdd8 35.Bh2 gxf5 36.exf5 Rhe8
37.c5 d5 38.fxe6+ Rxe6 39.Rxd5 Bxh2 40.Kxh2 Ke7 41.Rcd1 Rxd5 42.Qxd5 Qc7+
43.Kh1 Bc2 44.Rf1 Re3 45.Qd2 Qe5 46.Qxc2 Re2 47.Qf5 Qb2 48.g5 Rxg2 49.Qe4+
{#r} 1-0

[Event "Ch France (team) (nat.2) 2005/06"]
[Site "France"]
[Date "2005.10.16"]
[Round "1"]
[White "Loyer Angelique (FRA)"]
[Black "Dacalor Aurelie (FRA)"]
[Result "0-1"]
[WhiteElo "2013"]
[BlackElo "2037"]

1.d4 Nf6 2.Nf3 d6 3.c4 Bg4 4.Qb3 Nc6 5.e3 Rb8 6.Be2 e5 7.d5 Ne7 8.Nc3 Nd7
9.O-O Nc5 10.Qd1 h6 11.b4 Nd7 12.Qb3 f5 13.Ba3 Ng6 14.h3 Bxf3 15.Bxf3 e4
16.Bh5 Qg5 17.Bxg6+ Qxg6 18.Nb5 Kd8 19.f4 a6 20.Nd4 Be7 21.Ne6+ Kc8 22.c5 Nf8
23.Nd4 Qf7 24.Rac1 h5 25.b5 Rh6 26.b6 c6 27.cxd6 Bxd6 28.Bxd6 Rxd6 29.dxc6
Qxb3 30.cxb7+ Kxb7 31.axb3 g6 32.Rc3 Ne6 33.Nc2 Kxb6 34.Na3 Ka7 35.Nc4 Rd3
36.Rxd3 exd3 37.Ne5 Rxb3 38.Nxg6 d2 39.Kf2 Rb2 40.Ke2 Ng5 41.Ne7 Ne4 42.Nxf5
Nc3+ 43.Kd3 d1=Q+ 44.Rxd1 Nxd1 45.g4 hxg4 46.hxg4 {#R} 0-1